000 00419nam a2200181Ia 4500
001 14186
005 20260306164856.0
008 260306t2016||||xx |||||||||||||| ||spa||
041 _aESP
082 _a510
_bR93-2
100 _aRuiz Jiménez, Maria José
_eAUT
245 0 _aMatemáticas II
260 _c2016
300 _a431 páginas :
_c27 cm.
650 _aGEN
654 _aCMA
942 _cLIB
_dJUS
_fJUS
_2ddc
_n
999 _c14186
_d14186